Creamed latex concentrate (Record no. 56497)

MARC details
000 -LEADER
fixed length control field 00353nam a2200145Ia 4500
100 ## - MAIN ENTRY--AUTHOR NAME
Personal name Duckworth I H
245 #0 - TITLE STATEMENT
Title Creamed latex concentrate
260 ## - PUBLICATION, DISTRIBUTION, ETC. (IMPRINT)
Name of publisher Planters Bulletin
Year of publication 1964
300 ## - PHYSICAL DESCRIPTION
Number of Pages 111-122
650 ## - SUBJECT ADDED ENTRY--TOPICAL TERM
Topical Term Creaming process
650 ## - SUBJECT ADDED ENTRY--TOPICAL TERM
Topical Term Latex
650 ## - SUBJECT ADDED ENTRY--TOPICAL TERM
Topical Term Latex preservation
942 ## - ADDED ENTRY ELEMENTS (KOHA)
Koha item type Journals
Holdings
Withdrawn status Lost status Damaged status Not for loan Home library Current library Shelving location Date acquired Serial Enumeration / chronology Koha item type
      Journals RRII Library RRII Library Rubber chemistry 17/12/2021 Volume 74, Issue Journals